<?xml version="1.0" encoding="UTF-8"?>
<record
    xmlns:xsi="http://www.w3.org/2001/XMLSchema-instance"
    xsi:schemaLocation="http://www.loc.gov/MARC21/slim http://www.loc.gov/standards/marcxml/schema/MARC21slim.xsd"
    xmlns="http://www.loc.gov/MARC21/slim">

  <leader>01696nam a22001697a 4500</leader>
  <controlfield tag="005">20230927100756.0</controlfield>
  <controlfield tag="008">230614b           ||||| |||| 00| 0 eng d</controlfield>
  <datafield tag="020" ind1=" " ind2=" ">
    <subfield code="a">9780324665314</subfield>
  </datafield>
  <datafield tag="050" ind1=" " ind2=" ">
    <subfield code="a">HF5415.123.Sh6</subfield>
  </datafield>
  <datafield tag="245" ind1=" " ind2=" ">
    <subfield code="a">Integrated marketing commnunication in advertising and promotion /</subfield>
    <subfield code="c">Terence A. Shimp.</subfield>
  </datafield>
  <datafield tag="250" ind1=" " ind2=" ">
    <subfield code="a">8th ed.</subfield>
  </datafield>
  <datafield tag="260" ind1=" " ind2=" ">
    <subfield code="a">Mason :</subfield>
    <subfield code="b">South-Western /Cengage learning,</subfield>
    <subfield code="c">2010.</subfield>
  </datafield>
  <datafield tag="300" ind1=" " ind2=" ">
    <subfield code="a">xx, 668 p. :</subfield>
    <subfield code="b">ill.:</subfield>
    <subfield code="c">28 cm</subfield>
  </datafield>
  <datafield tag="500" ind1=" " ind2=" ">
    <subfield code="a">includes glossary and index</subfield>
  </datafield>
  <datafield tag="505" ind1=" " ind2=" ">
    <subfield code="a">Contents: Part One: Integrated marketing communication: processes, brand equity, and marcom's role in introducing new brands: Overview of integrated marketing communications -- Marketing communication challenges: enhancing brand equity -- influencing behaviour, and being accountable -- facilitating the success of new brands -- Part Two: The fundamental marcom decisions: targeting, positioning, objective setting and budgeting -- Part Three: Advertising management: Overview of advertising management -- Effective and creative advertising messages -- Message appeals and endorsers -- Measuring adverting messages effectiveness --  Advertising media: planning and analysis -- Traditional advertising media -- Internet advertising -- Other advertising media -- Part Four: Sales promotion management: Sales promotion and role of trad promotion -- Sampling and couponing -- Premiums and other promotions -- Part Five: Other marcom tools: Marketing-oriented public relation and word-of-mouth management -- Event and cause sponsorship -- Signage and point of purchase communication -- Part Six: Marcom constraints: Ethical, regulatory, and environmental issues. </subfield>
  </datafield>
  <datafield tag="942" ind1=" " ind2=" ">
    <subfield code="2">lcc</subfield>
    <subfield code="c">BK</subfield>
    <subfield code="e">8th ed.</subfield>
    <subfield code="h">HF5415, 123</subfield>
  </datafield>
  <datafield tag="999" ind1=" " ind2=" ">
    <subfield code="c">9676</subfield>
    <subfield code="d">17176</subfield>
  </datafield>
  <datafield tag="952" ind1=" " ind2=" ">
    <subfield code="0">0</subfield>
    <subfield code="1">0</subfield>
    <subfield code="2">lcc</subfield>
    <subfield code="4">0</subfield>
    <subfield code="7">0</subfield>
    <subfield code="a">WIUC-1</subfield>
    <subfield code="b">WIUC-1</subfield>
    <subfield code="c">GEN</subfield>
    <subfield code="d">2023-06-14</subfield>
    <subfield code="o">HF5415.123.Sh6</subfield>
    <subfield code="p">9373/074/23</subfield>
    <subfield code="r">2023-06-14 00:00:00</subfield>
    <subfield code="t">1</subfield>
    <subfield code="w">2023-06-14</subfield>
    <subfield code="y">BK</subfield>
  </datafield>
  <datafield tag="952" ind1=" " ind2=" ">
    <subfield code="0">0</subfield>
    <subfield code="1">0</subfield>
    <subfield code="2">lcc</subfield>
    <subfield code="4">0</subfield>
    <subfield code="7">0</subfield>
    <subfield code="a">WIUC-1</subfield>
    <subfield code="b">WIUC-1</subfield>
    <subfield code="c">GEN</subfield>
    <subfield code="d">2023-06-14</subfield>
    <subfield code="o">HF5415.123.Sh61</subfield>
    <subfield code="p">9374/075/23</subfield>
    <subfield code="r">2023-06-14 00:00:00</subfield>
    <subfield code="t">2</subfield>
    <subfield code="w">2023-06-14</subfield>
    <subfield code="y">BK</subfield>
  </datafield>
</record>
